000 01022nam a2200289Ia 4500
001 E8678
003 IT-RoPAU
008 130308s9999 xx 000 0 und d
040 _aIT-RoPAU
040 _cIT-RoPAU
041 _aITALIANO
100 _aRicheri Giuseppe
100 _gCodice Aut. SPICS: 2060
245 _aSistema radiotelevisivo: utenza, programmazione, competenza delle regioni
245 _b"Atti del Convegno ""Piccoli e Grandi Media"""
250 _a1a ed.
260 _bConsiglio Regionale Del Piemonte
260 _c1988 [1° Ed.:1988 - Ed.Ling.Originale:1988]
300 _a"10 p. (prefazione: no ; testo: 10 [pagine: 129-138])"
500 _aRegioni ed Emittenza radiotelevisiva Locale. Pianificazione delle frequenze e ruolo delle Regioni. Metodologia per la Definizione delle Aree di Servizio e dei Bacini D'Utenza e Loro Identificazione.
650 _aSAGGI SUI MASS MEDIA
650 _eCodice materia Spics: 6111
942 _cBK
957 _71
999 _c76773
_d76773
999 _bSI
999 _g1